000 00735nam a22002417a 4500
003 OSt
005 20250505154954.0
008 210222s1993 mx ||||g |||| 00| 0 spa d
020 _a9684323115
040 _aCO-JCMR
_cCO-JCMR
041 0 _aspa
082 0 4 _aJ-N
_bALCm
_223
100 1 _aAlcott, Louisa M.,
_eautora
_913761
245 1 0 _aMujercitas :
_bmás cosas de mujercitas /
_cLouisa M. Alcott
260 _aMéxico :
_bPorrua,
_c1993
300 _a301 páginas ;
_c22 cm.
490 _aSepan cuantos ;
_v126
505 0 _aMujercitas -- Más cosas de mujercitas
650 2 4 _aModales y costumbres
_911874
650 2 4 _aFamilia de marzo (personajes ficticios)
_913762
650 2 4 _aMadres e hijas
_913763
942 _2ddc
_cBK
999 _c7274
_d7274